Statistical analysis with missing data /
Guardado en:
| Autor Principal: | |
|---|---|
| Otros Autores: | |
| Formato: | Libro |
| Idioma: | English |
| Publicado: |
Hoboken, N.J. :
Wiley,
c2002.
|
| Edición: | 2nd ed. |
| Series: | Wiley series in probability and statistics
|
| Materias: | |
| Acceso en línea: | Contributor biographical information Publisher description Table of contents |
| Etiquetas: |
Agregar Etiqueta
Sin Etiquetas, Sea el primero en etiquetar este registro!
|
| LEADER | 01171cam a2200289 a 4500 | ||
|---|---|---|---|
| 001 | MAT.inmabb004555 | ||
| 008 | 020627s2002####nyua#####b####001#0#eng## | ||
| 005 | 20130315183324.0 | ||
| 245 | 1 | 0 | |a Statistical analysis with missing data / |c Roderick J.A. Little, Donald B. Rubin. |
| 250 | |a 2nd ed. | ||
| 260 | |a Hoboken, N.J. : |b Wiley, |c c2002. | ||
| 300 | |a xv, 381 p. : |b il. ; |c 25 cm. | ||
| 440 | 0 | |a Wiley series in probability and statistics | |
| 504 | |a Incluye referencias bibliográficas (p. 349-364) e índices. | ||
| 510 | 4 | |a MR, |c 2003g:62007 | |
| 020 | |a 0471183865 | ||
| 100 | 1 | |a Little, Roderick J. A. | |
| 700 | 1 | |a Rubin, Donald B. | |
| 650 | 0 | |a Mathematical statistics. | |
| 650 | 0 | |a Missing observations (Statistics) | |
| 084 | |a 62-02 (62D05 62F10 62F15) |2 msc2000 | ||
| 010 | |a 2002027006 | ||
| 040 | |a DLC |c DLC |d DLC | ||
| 856 | 4 | 2 | |3 Contributor biographical information |u http://www.loc.gov/catdir/bios/wiley043/2002027006.html |
| 856 | 4 | 2 | |3 Publisher description |u http://www.loc.gov/catdir/description/wiley036/2002027006.html |
| 856 | 4 | 1 | |3 Table of contents |u http://www.loc.gov/catdir/toc/wiley023/2002027006.html |
| 859 | |h 62 |i L778 |p A-8458 |b BIB. MATEMATICA | ||
